[Event "Teplice op 6th"]
[Site "Teplice"]
[Date "2011.06.13"]
[Round "3"]
[White "Blazek, Jaroslav"]
[Black "Obrsal, Josef"]
[Result "1-0"]
[WhiteElo "1755"]
[BlackElo "1531"]
[PlyCount "99"]
[EventDate "2011.06.11"]
[EventType "swiss"]
[EventRounds "9"]
[EventCountry "CZE"]
[SourceTitle "CBM 142 Extra"]
[Source "ChessBase"]
[SourceDate "2011.06.27"]
[SourceVersion "1"]
[SourceVersionDate "2011.06.27"]
[SourceQuality "1"]

1. e4 c5 2. Nf3 d6 3. d4 cxd4 4. Nxd4 Nf6 5. Nc3 a6 6. Be2 g6 7. Be3 Bg7 8. 0-0 0-0 9. f3 Bd7 10. Qd2 Nc6 11. Rad1 Rc8 12. Kh1 b5 13. Nxc6 Bxc6 14. Nd5 Nxd5 15. exd5 Bd7 16. c3 Qa5 17. a3 Qc7 18. Bh6 Rfd8 19. Bxg7 Kxg7 20. Qd4+ Kg8 21. Rfe1 e5 22. dxe6 Bxe6 23. Qf6 Qc5 24. Bd3 Re8 25. Bf1 d5 26. Rd4 Qe7 27. Qxe7 Rxe7 28. Rxd5 Rce8 29. Rde5 f6 30. R5e3 Kf7 31. Kg1 Rd8 32. Rd3 Rxd3 33. Bxd3 Rd7 34. Re3 f5 35. f4 Rc7 36. Kf2 Bc4 37. g3 Kf6 38. h4 h5 39. Bxc4 Rxc4 40. Ke2 Rc6 41. Kd2 Rd6+ 42. Kc2 Rd5 43. Rd3 Ke6 44. b3 Kd6 45. Re3 a5 46. c4 bxc4 47. bxc4 Rc5 48. Kc3 Rc8 49. Kd4 Rd8 50. c5+ 1-0

[Event "Teplice op 6th"]
[Site "Teplice"]
[Date "2011.06.11"]
[Round "1"]
[White "Blazek, Jaroslav"]
[Black "Klement, Lukas"]
[Result "0-1"]
[WhiteElo "1755"]
[BlackElo "2238"]
[PlyCount "134"]
[EventDate "2011.06.11"]
[EventType "swiss"]
[EventRounds "9"]
[EventCountry "CZE"]
[SourceTitle "CBM 142 Extra"]
[Source "ChessBase"]
[SourceDate "2011.06.27"]
[SourceVersion "1"]
[SourceVersionDate "2011.06.27"]
[SourceQuality "1"]

1. e4 c5 2. Nf3 d6 3. d4 cxd4 4. Nxd4 Nf6 5. Nc3 a6 6. Bd3 e6 7. 0-0 Be7 8. Qe2 Nbd7 9. Be3 Qc7 10. f3 b5 11. Qf2 0-0 12. g4 Ne5 13. Be2 b4 14. Nd1 Nc4 15. Bxc4 Qxc4 16. Qe2 Qxe2 17. Nxe2 Bd7 18. c4 Rfc8 19. b3 a5 20. Nf2 e5 21. Rfd1 Bc6 22. Ng3 g6 23. Kf1 Nd7 24. Ke2 Nc5 25. Nd3 f6 26. Nxc5 dxc5 27. h4 a4 28. h5 Ra6 29. hxg6 hxg6 30. Bf2 Rca8 31. Rab1 axb3 32. axb3 Ra2+ 33. Rd2 Rxd2+ 34. Kxd2 Ra2+ 35. Ke1 Kf7 36. Nf1 f5 37. gxf5 gxf5 38. exf5 Bxf3 39. Nd2 Bg4 40. Be3 Bh4+ 41. Kf1 Bxf5 42. Rc1 Bd3+ 43. Kg1 e4 44. Kg2 Bf6 45. Kg3 Be5+ 46. Kg4 Bd4 47. Bxd4 cxd4 48. Nf1 Ke6 49. Ng3 Rf2 50. c5 Bc2 51. c6 d3 52. c7 Rf8 53. Nxe4 Kd5 54. Nd2 Rc8 55. Ra1 Rxc7 56. Ra4 Rb7 57. Kf4 Kd4 58. Ra8 Rf7+ 59. Kg3 Kc3 60. Ne4+ Kxb3 61. Rc8 Kb2 62. Nd2 Kc1 63. Nb3+ Kd1 64. Nd4 b3 65. Rb8 Rd7 66. Nxb3 Bxb3 67. Rxb3 Kc2 0-1

[Event "Karlovy Vary op"]
[Site "Karlovy Vary"]
[Date "2011.04.29"]
[Round "2"]
[White "Blazek, Jaroslav"]
[Black "Liska, Martin"]
[Result "1/2-1/2"]
[WhiteElo "1785"]
[BlackElo "1683"]
[PlyCount "68"]
[EventDate "2011.04.28"]
[EventType "swiss"]
[EventRounds "8"]
[EventCountry "CZE"]
[SourceTitle "CBM 142 Extra"]
[Source "ChessBase"]
[SourceDate "2011.06.27"]
[SourceVersion "1"]
[SourceVersionDate "2011.06.27"]
[SourceQuality "1"]

1. e4 e6 2. d4 d5 3. Nd2 c5 4. exd5 Qxd5 5. Ngf3 Nf6 6. Bc4 Qd8 7. Nb3 cxd4 8. 0-0 Bd6 9. Qxd4 Nc6 10. Qh4 0-0 11. Bg5 h6 12. Bxf6 Qxf6 13. Qxf6 gxf6 14. Rad1 Bc7 15. Nbd4 Nxd4 16. Nxd4 a6 17. Ne2 b5 18. Bb3 Be5 19. c3 Bb7 20. Ng3 f5 21. Rfe1 Bf6 22. Nh5 Bg5 23. Rd4 Rfd8 24. Red1 Rxd4 25. Rxd4 Rd8 26. Rxd8+ Bxd8 27. Nf4 Be4 28. a4 Bg5 29. Ne2 Bd3 30. f4 Bxe2 31. fxg5 hxg5 32. Kf2 Bd3 33. Ke3 Bf1 34. Kf2 Bd3 1/2-1/2

[Event "Karlovy Vary op"]
[Site "Karlovy Vary"]
[Date "2011.04.28"]
[Round "1"]
[White "Lorenc, Tomas"]
[Black "Blazek, Jaroslav"]
[Result "1/2-1/2"]
[WhiteElo "2141"]
[BlackElo "1785"]
[PlyCount "98"]
[EventDate "2011.04.28"]
[EventType "swiss"]
[EventRounds "8"]
[EventCountry "CZE"]
[SourceTitle "CBM 142 Extra"]
[Source "ChessBase"]
[SourceDate "2011.06.27"]
[SourceVersion "1"]
[SourceVersionDate "2011.06.27"]
[SourceQuality "1"]

1. b4 e5 2. Bb2 Bxb4 3. Bxe5 Nf6 4. Nf3 0-0 5. e3 Nc6 6. Bb2 d5 7. Be2 Bd6 8. 0-0 Ng4 9. c4 dxc4 10. Na3 Nge5 11. Nxe5 Nxe5 12. f4 Nd3 13. Nxc4 Nxb2 14. Nxb2 c6 15. Qc2 Qe7 16. Nc4 Bc7 17. Qd3 f5 18. a4 Qf6 19. a5 Be6 20. Rab1 Rab8 21. Qc2 Bd5 22. Bf3 Bxc4 23. Qxc4+ Kh8 24. a6 bxa6 25. Qxc6 Qxc6 26. Bxc6 Rb6 27. Rbc1 Bd6 28. d4 Bb4 29. Kf2 g6 30. h4 a5 31. Kf3 Rc8 32. d5 Rc7 33. Rfd1 Bd6 34. h5 Kg7 35. g4 fxg4+ 36. Kxg4 Re7 37. Rd3 Rb2 38. Rc4 Rb4 39. Rxb4 axb4 40. hxg6 hxg6 41. Kf3 Rf7 42. Rd1 a5 43. Ke4 Ra7 44. Ba4 Rc7 45. Bc6 Ra7 46. Ba4 Rc7 47. Bb3 Rc3 48. Rd3 Rxd3 49. Kxd3 Kf6 1/2-1/2

[Event "Liberec op 11th"]
[Site "Liberec"]
[Date "2010.10.28"]
[Round "6"]
[White "Dupak, Jaroslav"]
[Black "Blazek, Jaroslav"]
[Result "1/2-1/2"]
[WhiteElo "1919"]
[BlackElo "1795"]
[PlyCount "35"]
[EventDate "2010.10.23"]
[EventType "swiss"]
[EventRounds "9"]
[EventCountry "CZE"]
[SourceTitle "EXT 2011"]
[Source "ChessBase"]
[SourceDate "2010.11.26"]
[SourceVersion "1"]
[SourceVersionDate "2010.11.26"]
[SourceQuality "1"]

1. d4 d5 2. Nf3 Nf6 3. Bf4 Bf5 4. e3 e6 5. Bd3 Bxd3 6. Qxd3 Nbd7 7. Nbd2 c6 8. a3 Qa5 9. 0-0 Be7 10. b4 Qd8 11. c4 Nh5 12. Be5 Nxe5 13. Nxe5 Nf6 14. c5 Nd7 15. f4 f5 16. Nxd7 Qxd7 17. Nf3 Bf6 18. Qc3 1/2-1/2

[Event "Liberec op 11th"]
[Site "Liberec"]
[Date "2010.10.26"]
[Round "4"]
[White "Horyna, Josef"]
[Black "Blazek, Jaroslav"]
[Result "1/2-1/2"]
[WhiteElo "1924"]
[BlackElo "1795"]
[PlyCount "30"]
[EventDate "2010.10.23"]
[EventType "swiss"]
[EventRounds "9"]
[EventCountry "CZE"]
[SourceTitle "EXT 2011"]
[Source "ChessBase"]
[SourceDate "2010.11.26"]
[SourceVersion "1"]
[SourceVersionDate "2010.11.26"]
[SourceQuality "1"]

1. c4 e5 2. Nc3 Nc6 3. g3 Nf6 4. Bg2 Be7 5. d3 0-0 6. Nf3 d5 7. cxd5 Nxd5 8. 0-0 Nxc3 9. bxc3 Be6 10. a4 Qd7 11. Rb1 Rab8 12. Bg5 f6 13. Be3 b6 14. Qc2 Na5 15. c4 c5 1/2-1/2

[Event "Teplice op 5th"]
[Site "Teplice"]
[Date "2010.06.20"]
[Round "9"]
[White "Blazek, Jaroslav"]
[Black "Horyna, Josef"]
[Result "0-1"]
[WhiteElo "1774"]
[BlackElo "1914"]
[PlyCount "132"]
[EventDate "2010.06.12"]
[EventType "swiss"]
[EventRounds "9"]
[EventCountry "CZE"]
[SourceTitle "CBM 136 Extra"]
[Source "ChessBase"]
[SourceDate "2010.07.02"]
[SourceVersion "2"]
[SourceVersionDate "2010.07.15"]
[SourceQuality "1"]

1. e4 c5 2. Nc3 Nc6 3. Nf3 d6 4. d4 cxd4 5. Nxd4 a6 6. Bc4 e6 7. Nxc6 bxc6 8. 0-0 Nf6 9. Qf3 Qc7 10. Bg5 Be7 11. Bb3 0-0 12. Rad1 h6 13. Bh4 Bb7 14. Rfe1 c5 15. Bg3 c4 16. Ba4 Qc5 17. Qe3 Qxe3 18. Rxe3 Rfd8 19. Re2 e5 20. f3 Rab8 21. Bf2 Ba8 22. b3 Rdc8 23. Be1 Rc7 24. bxc4 Rxc4 25. Bb3 Rc7 26. Kf1 Kf8 27. Nd5 Bxd5 28. exd5 Nd7 29. Bf2 f5 30. c4 Nc5 31. Bxc5 Rxc5 32. Rc2 Bg5 33. Ke2 Ke7 34. g3 Bf6 35. h3 Rb4 36. Rd3 a5 37. a3 Rb8 38. Ba4 Rb1 39. Rd1 Rb8 40. Kd3 Rc7 41. Bb5 e4+ 42. Kd2 exf3 43. a4 Be5 44. Ke3 Bxg3 45. Kxf3 Be5 46. h4 g5 47. hxg5 hxg5 48. Rh1 Rg8 49. Rh7+ Rg7 50. Rxg7+ Bxg7 51. Rh2 Rc8 52. Rh7 Kf6 53. Bc6 Kg6 54. Rh1 g4+ 55. Ke2 Rb8 56. Bb5 Be5 57. Re1 Kf6 58. Rh1 f4 59. Rh6+ Kg5 60. Re6 f3+ 61. Kf2 Bd4+ 62. Kf1 Bc5 63. Be8 Rb1+ 64. Re1 Rxe1+ 65. Kxe1 Kf4 66. Bd7 g3 0-1

[Event "Pardubice KV op"]
[Site "Pardubice"]
[Date "2010.??.??"]
[Round "4"]
[White "Ondrejat, Miroslav"]
[Black "Blazek, Jaroslav"]
[Result "1/2-1/2"]
[WhiteElo "2060"]
[BlackElo "1770"]
[PlyCount "53"]
[EventDate "2010.07.??"]
[EventType "swiss"]
[EventRounds "7"]
[EventCountry "CZE"]
[SourceTitle "EXT 2012"]
[Source "ChessBase"]
[SourceDate "2011.11.24"]
[SourceVersion "1"]
[SourceVersionDate "2011.11.24"]
[SourceQuality "1"]

1. Nf3 d5 2. b3 Nf6 3. Bb2 g6 4. e3 Bg7 5. Be2 0-0 6. 0-0 c5 7. c4 e6 8. d3 Nc6 9. Nbd2 Nd7 10. Bxg7 Kxg7 11. a3 Nde5 12. Nxe5 Nxe5 13. f4 Nc6 14. Nf3 d4 15. e4 Bd7 16. Qd2 Qc7 17. b4 b6 18. b5 Ne7 19. Nh4 Rae8 20. a4 Ra8 21. f5 exf5 22. exf5 Nxf5 23. Nxf5+ Bxf5 24. Rxf5 gxf5 25. Qg5+ Kh8 26. Qf6+ Kg8 27. Qg5+ 1/2-1/2

[Event "Karlovy Vary op"]
[Site "Karlovy Vary"]
[Date "2009.04.29"]
[Round "1"]
[White "Blazek, Jaroslav"]
[Black "Ilandzis, Spyridon"]
[Result "0-1"]
[WhiteElo "1800"]
[BlackElo "2218"]
[PlyCount "68"]
[EventDate "2009.04.29"]
[EventType "swiss"]
[EventRounds "7"]
[EventCountry "CZE"]
[SourceTitle "CBM 130 Extra"]
[Source "ChessBase"]
[SourceDate "2009.07.02"]
[SourceVersion "2"]
[SourceVersionDate "2009.07.15"]
[SourceQuality "1"]

1. e4 c5 2. Nc3 e6 3. g3 a6 4. Bg2 b5 5. a3 Bb7 6. d3 Nf6 7. Nge2 Be7 8. 0-0 d5 9. exd5 exd5 10. Nf4 b4 11. axb4 cxb4 12. Na4 0-0 13. c4 Ra7 14. Be3 d4 15. Bd2 Bxg2 16. Kxg2 Nbd7 17. Re1 Bd6 18. Qb3 Ne5 19. f3 Re7 20. c5 Bc7 21. Bxb4 Qa8 22. Rf1 Nxf3 23. Rxf3 Bxf4 24. gxf4 Re2+ 25. Kg3 Nh5+ 26. Kg4 Rg2+ 27. Rg3 Nxg3 28. hxg3 h5+ 29. Kh3 Qf3 30. Be1 Re2 31. Bf2 Rxf2 32. Qd1 Qg2+ 33. Kh4 Qh2+ 34. Kg5 Qxg3+ 0-1

[Event "Teplice op 3rd"]
[Site "Teplice"]
[Date "2008.06.16"]
[Round "3"]
[White "Rezny, Frantisek"]
[Black "Blazek, Jaroslav"]
[Result "0-1"]
[WhiteElo "1570"]
[BlackElo "1805"]
[PlyCount "70"]
[EventDate "2008.06.14"]
[EventType "swiss"]
[EventRounds "9"]
[EventCountry "CZE"]
[SourceTitle "CBM 125 Extra"]
[Source "ChessBase"]
[SourceDate "2008.09.01"]
[SourceVersion "1"]
[SourceVersionDate "2008.09.01"]
[SourceQuality "1"]

1. e4 e5 2. f4 exf4 3. Nf3 d6 4. Bc4 Be6 5. Qe2 Bxc4 6. Qxc4 g5 7. Qb5+ Nd7 8. Qxg5 Qxg5 9. Nxg5 Bh6 10. Nf3 Ne5 11. 0-0 Ne7 12. d4 Nxf3+ 13. Rxf3 Ng6 14. Nc3 0-0-0 15. g3 Bg7 16. Ne2 fxg3 17. hxg3 b6 18. Bd2 Rde8 19. Nc3 Ne7 20. d5 Ng6 21. Re1 Ne5 22. Rff1 h5 23. b3 h4 24. gxh4 Rxh4 25. Rf2 Reh8 26. Kf1 Rh3 27. Ke2 Bh6 28. Ref1 Ng4 29. Bxh6 Nxf2 30. Rxf2 R8xh6 31. Nd1 Rh2 32. a4 Rxf2+ 33. Nxf2 Rg6 34. Ke3 Kd7 35. c4 Rg3+ 0-1

[Event "Czechia KP-chTA 0607"]
[Site "Czech Republic"]
[Date "2007.03.18"]
[Round "10.8"]
[White "Stufka, Karel"]
[Black "Blazek, Jaroslav"]
[Result "1-0"]
[WhiteElo "1722"]
[BlackElo "1757"]
[PlyCount "143"]
[EventDate "2006.10.29"]
[EventType "team"]
[EventRounds "11"]
[EventCountry "CZE"]
[SourceTitle "EXT 2008"]
[Source "ChessBase"]
[SourceDate "2007.11.25"]
[SourceVersion "1"]
[SourceVersionDate "2007.11.25"]
[SourceQuality "1"]
[WhiteTeam "Pribram II"]
[BlackTeam "Kladno II"]
[WhiteTeamCountry "CZE"]
[BlackTeamCountry "CZE"]

1. d4 Nf6 2. c4 e6 3. Nf3 d5 4. Nc3 c6 5. Bg5 Be7 6. e3 0-0 7. Bd3 dxc4 8. Bxc4 Nbd7 9. 0-0 h6 10. Bh4 Nd5 11. Bxe7 Qxe7 12. Nxd5 exd5 13. Bd3 Re8 14. Rc1 Nf8 15. h3 Qf6 16. a3 Ng6 17. b4 a6 18. Nh2 Bf5 19. Bxf5 Qxf5 20. Qc2 Nh4 21. Qxf5 Nxf5 22. Nf3 Nd6 23. Nd2 Re7 24. Rc5 Rc8 25. Rfc1 Rec7 26. a4 Kf8 27. R5c2 h5 28. Kf1 g5 29. Nf3 f6 30. h4 g4 31. Nd2 Kf7 32. Ke2 Re7 33. Kd3 Rcc7 34. g3 f5 35. Rc5 Ke6 36. R5c2 Ne4 37. Nxe4 fxe4+ 38. Kd2 Rf7 39. Ke1 Kd6 40. a5 Rf8 41. Rc5 Rb8 42. R1c2 b6 43. axb6 Rxb6 44. Ra5 Ra7 45. Ra4 Rb5 46. Rca2 Rb6 47. Kd2 Kc7 48. Kc3 Rb5 49. Rxa6 Rxa6 50. Rxa6 Kb7 51. Ra5 Rb6 52. Kb3 Rb5 53. Ka4 Rb6 54. b5 Kc7 55. bxc6 Kxc6 56. Rc5+ Kd6 57. Rc2 Rb1 58. Ka3 Kd7 59. Ka2 Rb4 60. Rc5 Kd6 61. Ra5 Rc4 62. Kb2 Rc8 63. Kb1 Rc7 64. Ra6+ Rc6 65. Ra7 Rc7 66. Ra8 Rf7 67. Ra6+ Ke7 68. Ra7+ Ke6 69. Rxf7 Kxf7 70. Kb2 Ke7 71. Kb3 Kd7 72. Kb4 1-0

[Event "Czechia KP-chTA 0607"]
[Site "Czech Republic"]
[Date "2007.01.07"]
[Round "5.6"]
[White "Bilek, Roman"]
[Black "Blazek, Jaroslav"]
[Result "1/2-1/2"]
[WhiteElo "1995"]
[BlackElo "1757"]
[PlyCount "95"]
[EventDate "2006.10.29"]
[EventType "team"]
[EventRounds "11"]
[EventCountry "CZE"]
[SourceTitle "EXT 2008"]
[Source "ChessBase"]
[SourceDate "2007.11.25"]
[SourceVersion "1"]
[SourceVersionDate "2007.11.25"]
[SourceQuality "1"]
[WhiteTeam "Uholicky"]
[BlackTeam "Kladno II"]
[WhiteTeamCountry "CZE"]
[BlackTeamCountry "CZE"]

1. d4 Nf6 2. c4 d5 3. Nc3 e6 4. Nf3 c6 5. Bg5 Be7 6. e3 0-0 7. Qc2 Nbd7 8. Bd3 h6 9. Bh4 dxc4 10. Bxc4 Nd5 11. Bxe7 Qxe7 12. Bxd5 exd5 13. 0-0 Re8 14. a3 Nf6 15. b4 Bd7 16. Ne5 Rac8 17. Qa4 a6 18. Qa5 Bf5 19. Rac1 Ng4 20. Nxg4 Bxg4 21. Qc5 Qxc5 22. bxc5 Rc7 23. Rfe1 Bf5 24. f3 Rce7 25. Kf2 Kf8 26. g4 Bg6 27. Nd1 f5 28. gxf5 Bxf5 29. h4 Rf7 30. Kg3 Re6 31. Rg1 Bd3 32. Rg2 Rg6+ 33. Kf2 Rxg2+ 34. Kxg2 Be2 35. f4 Bxd1 36. Rxd1 Ke7 37. Rb1 Ke6 38. Kg3 Kf5 39. Kf3 g5 40. hxg5 hxg5 41. fxg5 Kxg5+ 42. Ke2 Rh7 43. Kd3 Kf5 44. Rf1+ Ke6 45. Rb1 Rg7 46. Rb6 Re7 47. Rb1 Rf7 48. Re1 1/2-1/2